[Event "Munich SKA"]
[Site "Munich"]
[Date "1991.05.17"]
[Round "12"]
[White "Kindermann, Stefan"]
[Black "Gelfand, Boris"]
[Result "1/2-1/2"]
[WhiteElo "2515"]
[BlackElo "2700"]
[Annotator "Gelfand,B"]
[PlyCount "103"]
[EventDate "1991.05.04"]
[EventType "tourn"]
[EventRounds "13"]
[EventCountry "GER"]
[EventCategory "14"]
[SourceTitle "CBM 023"]
[Source "ChessBase"]
[SourceDate "1991.08.01"]
[SourceVersion "1"]
[SourceVersionDate "1991.08.01"]
[SourceQuality "1"]

1. g3 {Horn,Pe} d5 2. Nf3 Nf6 3. Bg2 c6 4. O-O Bg4 5. d3 Nbd7 6. Nbd2 e5 7. h3
Bh5 8. e4 (8. g4 $5 Bg6 9. Nh4) 8... dxe4 9. dxe4 Bc5 10. Qe1 O-O 11. Nc4 Re8 (
11... Bxf3 {Horn,Pe} 12. Bxf3 Qe7 13. Qe2 Qe6 14. Kg2 h5 15. a4 Rfe8 16. Bd2 g6
17. b4 Be7 18. a5 $14 {Larsen-Vaganian, London 1985}) 12. a4 (12. b4 $5 Bf8 13.
Bb2 Qc7) (12. Nh4 $5 $13 {Horn,Pe}) 12... Qc7 $6 (12... a5 $5 13. Bd2 (13. Nh4
$5) 13... b6 14. Nh4 Nf8 $5 $13 15. Bc3 N6d7 16. Nf5 f6 17. g4 Bf7 18. Ncd6 Re6
19. Rd1 Ng6 20. Qd2 Ndf8 $13) 13. Nh4 Bf8 14. Bg5 (14. f4 $6 {Horn,Pe} b5 $1
15. Na5 exf4 16. Bxf4 Ne5 $15) (14. Bd2 $5 {Horn,Pe}) 14... Bg6 (14... h6 15.
Bd2 Nc5 16. g4 Bg6 17. Nxg6 fxg6 18. f4 $40) (14... b5 15. axb5 (15. Nd2 $6 h6
16. Be3 Nc5 $15) 15... cxb5 16. Ne3 h6 17. Bxf6 Nxf6 18. g4 Bg6 19. Nxg6 fxg6
20. Nd5 (20. Qa5 $5 Rec8 $5 21. c3 (21. Qxb5 $2 Rab8) 21... Qc6 22. Rfd1 a6 23.
Qa2+ $13) 20... Nxd5 21. exd5 e4 $13 {Kindermann S.}) 15. Nxg6 $6 (15. Rd1 $5
h6 16. Bxf6 Nxf6 17. Nxg6 fxg6 18. h4 {/\ Ch3+/=}) 15... hxg6 16. Qe2 (16. b4
$5 $14 {Horn,Pe}) 16... Nc5 17. Bxf6 (17. h4 Ne6 18. c3 (18. Bxf6 Nd4 19. Qg4
gxf6 20. c3 Ne6 (20... f5 21. exf5 Nxf5 22. h5 $40) 21. h5 Kh7 22. Bh3 $40 Bh6
23. Kg2 $16) 18... Nxg5 19. hxg5 Nh7 20. Qg4 $2 (20. f4 exf4 21. gxf4 Bc5+ 22.
Kh1 b5 $13) 20... Qe7 $1) 17... gxf6 18. h4 Bh6 19. b4 (19. Rfd1 $6 b5 $1 $15)
19... Ne6 20. c3 b5 21. axb5 (21. Na5 $5 {/\ Kb3} c5 $5 $13 22. Qxb5 Rab8 23.
Qc6 cxb4 24. Qxc7 Nxc7 25. Nc6 bxc3 $5 $13) (21. Ne3 $5 $13 {Horn,Pe}) 21...
cxb5 22. Ne3 Qxc3 $6 (22... Bxe3 23. Qxe3 a5 24. bxa5 Rxa5 25. Rxa5 Qxa5 $10)
23. Nd5 Qc4 24. Nxf6+ Kf8 25. Qxc4 (25. Qg4 $5 Red8 26. h5 Kg7 27. hxg6 fxg6 (
27... Kxf6 $4 28. Qf5+ Ke7 29. Qxf7+ Kd6 30. Ra6+) 28. Nd5 $40 (28. Nh5+ Kh7
29. Nf6+ Kg7 $10) 28... Rd6 $8 29. Ne7 Nd4 $13) 25... bxc4 26. Nxe8 (26. Nd7+
Kg8 (26... Kg7 $6 27. Nxe5) 27. Nf6+ Kf8 $10) 26... Kxe8 27. Rac1 (27. Rfd1 c3
28. Ra2 Nd4 29. Rxd4 exd4 30. Bf1) (27. Ra5 $13) 27... Rc8 (27... Bxc1 28. Rxc1
Rc8 29. Rc3 $1 {/\ Cf1} (29. Bh3 $2 Nd4 $17) 29... Nd4 30. Bf1 Rb8 31. Rxc4
Nf3+ 32. Kg2 Nd2 33. Rc5 $16) 28. Bh3 Bxc1 (28... f5 $6) (28... Nd4 29. Bxc8
Bxc1 30. Ba6 $1 $18) 29. Bxe6 fxe6 $2 (29... Bd2 30. Bxc8 c3 $10) 30. Rxc1 c3
31. Kg2 Kf7 32. Kf3 Rc4 33. Ke3 Kf6 34. Kd3 (34. f3 $5 c2 35. Kd3 Rxb4 36. Rxc2
g5 37. h5 $16) 34... Rxb4 35. Rxc3 g5 $1 (35... a5 36. g4 $5 {/\g5}) 36. h5 g4
37. Rc7 Rb3+ 38. Kd2 (38. Kc4 Rb2 39. Rxa7 Rxf2 (39... Kg5 $1 $10) 40. h6 Rh2
41. h7 Rh1 (41... Kg6 42. Kc5 Rxh7 $4 43. Rxh7 Kxh7 44. Kd6 Kg6 45. Kxe6 $18)
42. Rd7 $1 {/\kc4-c5-d6-c7-d8-e8-f8} (42. Kc5 Rc1+ 43. Kd6 Rd1+ 44. Kc7 Kg7 $10
)) 38... Rb2+ 39. Ke3 Rb3+ 40. Ke2 Rb4 41. h6 Rxe4+ 42. Kf1 (42. Kd3 Rd4+ 43.
Ke3 a5 $10) 42... Rb4 43. h7 Rb1+ $3 $8 (43... Rb8 44. Rxa7 Kg6 45. Ke2 Rh8 46.
Kd3 $18) 44. Ke2 (44. Kg2 Rb8 45. Rxa7 Kg6 (45... Rh8 $10 {Horn,Pe}) 46. Kf1
Rh8 47. Ke2 Rxh7 48. Rxh7 Kxh7 49. Kd3 Kg6 $10) 44... Rh1 45. Rxa7 Kg6 46. Ke3
(46. Kd3 Rh2 $1 (46... Kf5 $2 47. Kc4 Kg6 48. Kc5 $18) 47. Kc4 Rxh7 48. Rxh7
Kxh7 $10) 46... Kf5 47. Rg7 Kf6 48. Rxg4 Rxh7 49. Ke4 Ra7 50. Rg8 Ra4+ 51. Kf3
Kf7 52. Rb8 1/2-1/2

[Event "Reykjavik Olafsson"]
[Site "Reykjavik"]
[Date "1995.??.??"]
[Round "8"]
[White "Olafsson, Fridrik"]
[Black "Polgar, Sofia"]
[Result "1/2-1/2"]
[WhiteElo "2465"]
[BlackElo "2485"]
[Annotator "Giese"]
[PlyCount "82"]
[EventDate "1995.09.??"]
[EventType "tourn"]
[EventRounds "11"]
[EventCountry "ISL"]
[EventCategory "11"]
[SourceTitle "CBM 049"]
[Source "ChessBase"]
[SourceDate "1995.12.01"]
[SourceVersion "1"]
[SourceVersionDate "1995.12.01"]
[SourceQuality "1"]

1. Nf3 {Donev} d5 2. g3 c6 3. Bg2 Nf6 4. d3 Bf5 5. O-O h6 6. Nbd2 e6 7. Qe1 Be7
8. e4 Bh7 9. Qe2 a5 10. Rd1 a4 11. a3 O-O 12. e5 Nfd7 13. Nf1 c5 14. h4 Nc6 15.
Bf4 Re8 16. N1h2 f6 17. exf6 Bxf6 18. Ng4 e5 19. Be3 e4 20. dxe4 Bxe4 21. c3
Na5 22. Re1 Qb6 23. Rad1 Rad8 24. Bxh6 $2 {[%csl Gg4] an unaccountable
sacrifice ein unerklärliches Opfer} gxh6 (24... Bxf3 $2 25. Qxf3 Rxe1+ 26. Rxe1
gxh6 27. Qxd5+ Kg7 28. Re6 $18) 25. Nxh6+ Kg7 26. Qd2 Be7 $2 (26... Nc4 $142 $1
$19 {[%csl Rb2,Rd2,Rh6][%cal Yb6b2]}) 27. Rxe4 $1 dxe4 28. Nf5+ Kh8 29. Qf4 $1
$10 {[%csl Gd1,Gf4,Gf5,Rd6]} exf3 30. Rd6 Qxd6 31. Nxd6 Bxd6 32. Qh6+ Kg8 33.
Qg6+ Kh8 34. Qh6+ Kg8 35. Bxf3 Nb6 36. Qg6+ Kh8 37. Qf6+ Kg8 38. Qg5+ Kh8 39.
Qh6+ Kg8 40. Bg4 Nc6 41. Qg6+ {Wegen das Materiales nacheil sind Weiß
erzwungen Dauerschach zu geben.} (41. Be6+ $6 {Donev} Rxe6 42. Qxe6+ Kf8 43.
Qf6+ Ke8 44. Qe6+ Be7 $17 {Wenn Weiß kein Dauerschach hat entscheidet schwarze
Materialvorteil.}) 41... Kf8 {Nach Qf6 ist Dauerschach gesichert.} 1/2-1/2

[Event "Cappelle op 15th"]
[Site "Cappelle la Grande"]
[Date "1999.02.15"]
[Round "3"]
[White "Foisor, Cristina Adela B"]
[Black "Golod, Vitali"]
[Result "0-1"]
[WhiteElo "2370"]
[BlackElo "2554"]
[Annotator "Golod,V"]
[PlyCount "108"]
[EventDate "1999.02.13"]
[EventType "swiss"]
[EventRounds "9"]
[EventCountry "FRA"]
[SourceTitle "CBM 070"]
[Source "ChessBase"]
[SourceDate "1999.06.08"]
[SourceVersion "1"]
[SourceVersionDate "1999.06.08"]
[SourceQuality "1"]

1. Nf3 d5 2. g3 g6 3. Bg2 Bg7 4. d3 e5 5. O-O Nc6 6. c3 a5 7. e4 Nf6 (7... Nge7
8. exd5 (8. Na3 O-O 9. Re1 Re8 10. Qc2 h6 11. b3 Be6) (8. Nbd2 O-O 9. Re1 h6
10. a4 Be6 11. exd5 Bxd5 12. Nf1 f5 13. Ne3 Bf7) 8... Nxd5 9. d4 exd4 10. Re1+
Nde7 11. Nxd4 Nxd4 12. cxd4 c6 13. d5) 8. Bg5 (8. exd5 Nxd5 9. d4) 8... dxe4 9.
Bxf6 (9. dxe4 Qxd1 10. Rxd1 Nxe4 11. Nxe5 Nxg5 12. Nxc6 Bg4 13. Re1+ Kf8) 9...
Qxf6 10. dxe4 O-O 11. Nbd2 a4 12. Qe2 (12. Qc2) (12. Nc4) 12... b6 13. Rfd1 Ba6
14. Qe3 Rfd8 15. Bf1 (15. Nf1 Na5) 15... Bb7 16. b4 Ne7 (16... axb3 17. axb3)
17. a3 Nc8 18. Nc4 Nd6 19. Nxd6 Rxd6 (19... cxd6 20. c4 Bh6 21. Qxh6 Qxf3 22.
Bg2) 20. Rxd6 Qxd6 (20... cxd6 21. Qxb6 Bxe4 22. Nd2) 21. Bc4 Rd8 (21... Bf6)
22. Ng5 Rd7 23. Qf3 Bf6 (23... Qf6 24. Qg4 Rd2 (24... Bc8 25. Bxf7+) (24... Re7
25. Rd1) 25. Rf1 (25. Bxf7+ Kh8 26. Rf1 h5 (26... h6 27. f4) 27. Qh4 Bh6) 25...
h5 26. Qh4 (26. Bxf7+ Kh8 27. Qh4 Bh6) 26... Rd7) 24. h4 (24. Nxf7 Rxf7 25. Rd1
Qe7 26. Qg4 Bc6 27. Qc8+ Be8 28. h4) 24... Kg7 25. Kh2 h6 26. Nh3 (26. Nxf7
Rxf7 (26... Qc6 27. Bd5 Rxd5 28. exd5 Qxd5 29. Qxd5 Bxd5 30. Nd8 Bxd8 (30... e4
) 31. Rd1 c6 32. c4) 27. Rd1 Qe7 (27... Bxe4 28. Qe2 Qc6 29. b5 Bf3 (29... Qb7
30. Bxf7 Kxf7 (30... Bf3 31. Rd7 Bxe2 32. Bd5+) 31. Qc4+) 30. bxc6 Bxe2 31.
Bxe2 Be7)) 26... Qd2 27. Bb5 Qb2 28. Bxd7 Qxa1 29. Bxa4 Qb1 (29... Qxa3 30. Bd1
) 30. h5 b5 31. Bd1 (31. Bxb5 Bxe4) (31. Qd1 Qxe4 32. f3 Qc6) 31... Bxe4 32.
Qe3 (32. Qe2 gxh5 33. Qxh5 Qc1) 32... gxh5 33. Bf3 Bg6 34. Be2 c6 35. Ng1 e4
36. Qc5 Qe1 37. c4 bxc4 38. Bxc4 h4 39. Ne2 hxg3+ 40. Nxg3 Qc3 41. Ba6 (41.
Qxc6 Qc2 (41... Qd2 42. Nxe4 (42. Kg2 Bd4))) 41... Qxc5 (41... Qxa3) 42. bxc5
Bd4 43. Bb7 (43. Kg2 f5 (43... Bxc5 44. Bb7 Bxa3 45. Bxc6 f5) 44. Bb7 f4) 43...
Bxf2 44. Bxc6 f5 (44... Bxc5 45. Bxe4 Bxa3) 45. Bd7 Kf6 (45... f4 46. Nf5+ Kf6
47. c6 Bb6 48. Nxh6) 46. c6 Bb6 47. Ne2 f4 48. Nc3 (48. Nxf4 Bc7 49. Kg3 Kg5)
48... Ke5 49. Nb5 e3 50. Bg4 h5 51. Be2 (51. Bd1 Be4 52. c7 Bxc7 53. Nxc7 f3)
51... Be4 52. c7 Bxc7 53. Bxh5 (53. Nxc7 f3 54. Bxf3 Bxf3 55. Kg1 (55. Kg3 Bc6)
55... h4 56. Nb5 e2 57. Kf2 h3) 53... Ba5 54. a4 f3 0-1

[Event "EU-ch 4th"]
[Site "Istanbul"]
[Date "2003.06.08"]
[Round "9"]
[White "Anastasian, Ashot"]
[Black "Gurevich, Mikhail"]
[Result "0-1"]
[WhiteElo "2561"]
[BlackElo "2635"]
[Annotator "Gurevich,M"]
[PlyCount "52"]
[EventDate "2003.05.30"]
[EventType "swiss"]
[EventRounds "13"]
[EventCountry "TUR"]
[SourceTitle "CBM 096"]
[Source "ChessBase"]
[SourceDate "2003.09.25"]
[SourceVersion "1"]
[SourceVersionDate "2003.09.25"]
[SourceQuality "1"]

1. Nf3 d5 2. g3 Bg4 3. Bg2 e6 4. O-O Nd7 5. h3 Bh5 6. d3 Bd6 7. Nbd2 Ne7 8. e4
c6 9. d4 O-O 10. c3 (10. c4 Bc7 11. Qb3 Rb8 12. Qc3 b5 13. exd5 cxd5 14. c5 Nc6
15. b4 Nf6 16. Bb2 h6 17. Rfe1 Bg6 18. Ne5 Bxe5 19. dxe5 d4 $132 {0-1 Fries
Nielsen,J-Gausel,E/SWE 2002/EXT 2003 (50)}) 10... a5 $5 {TN} 11. Re1 Qb6 {
[н/\12...Rd8,12...c5<=>]} 12. c4 $5 Bxf3 (12... Qa7 $5 {Anastasian,A}) 13. Nxf3
dxc4 14. Qc2 e5 $6 (14... Qa6 15. e5 Bb4 16. Re4 Ng6 17. h4 f5 $5 18. exf6 Nxf6
19. Rxe6 Rae8 $132) 15. Be3 (15. Qxc4 exd4 16. Qxd4 (16. Nxd4 Ne5 17. Qa4 Bc5
$132) 16... Qxd4 (16... Bc5 17. Qxd7 Rad8 18. Qg4 Bxf2+ 19. Kh2 Bxe1 20. Nxe1
Qf2 21. Nf3 f5 22. exf5 Nxf5 23. Qc4+ Kh8 24. Bf4 $16) 17. Nxd4 Ne5 18. Rd1
Rfd8 19. b3 $14) 15... Qa6 $5 (15... exd4 16. Bxd4 Bc5 17. Qxc4 Bxd4 18. Qxd4
$14) 16. Red1 Rfd8 (16... Rad8 $2 17. dxe5 Nxe5 18. Nxe5 Bxe5 19. Bc5 $16) 17.
a4 b5 18. Kh2 $6 (18. Kh1 $1 {(н/\19.de5)} Ng6 (18... exd4 19. Rxd4 Ne5 20.
Rxd6 $18) 19. h4 exd4 20. Nxd4 Bc5 21. h5 Nge5 22. h6 $132) 18... Ng6 $5 (18...
exd4 $6 19. Rxd4 Ne5 (19... Bc5 20. Rxd7 Rxd7 21. Bxc5 $18) 20. Rad1 Nxf3+ 21.
Bxf3 Bc7 22. Rd7 $14) 19. dxe5 Ndxe5 20. Nd4 (20. Nxe5 Nxe5 21. f4 Nd3 22. e5
Be7 23. b3 $13) 20... Bc5 21. axb5 (21. Nxb5 cxb5 (21... Bxe3 22. Nc7 Qc8 23.
Rxd8+ Qxd8 24. Nxa8 Ba7 25. f4 Nd3 26. Qxc4 Nb4 27. e5 Qxa8 28. e6 $13) 22.
Bxc5 Nd3 23. Be3 b4 $132) 21... cxb5 22. b4 $2 $138 Bxb4 23. f4 Nd3 24. e5 Rac8
$19 25. e6 fxe6 26. Be4 Bc5 0-1

[Event "Cappelle op 14th"]
[Site "Cappelle la Grande"]
[Date "1998.02.23"]
[Round "4"]
[White "Petran, Peter"]
[Black "Gurevich, Mikhail"]
[Result "0-1"]
[WhiteElo "2335"]
[BlackElo "2635"]
[Annotator "Gurevich,M"]
[PlyCount "124"]
[EventDate "1998.02.21"]
[EventType "swiss"]
[EventRounds "9"]
[EventCountry "FRA"]
[SourceTitle "CBM 064"]
[Source "ChessBase"]
[SourceDate "1998.06.02"]
[SourceVersion "1"]
[SourceVersionDate "1998.06.02"]
[SourceQuality "1"]

1. g3 d5 2. Bg2 c6 3. Nf3 Bg4 4. d3 Nf6 5. Nbd2 Nbd7 6. h3 Bh5 7. b3 e5 8. e4
$6 (8. Bb2 Bd6 (8... e4 $6 9. dxe4 dxe4 10. Nh4 $36) 9. e4) 8... dxe4 $5 (8...
Bb4 9. exd5 cxd5 10. g4 Bc3 11. Rb1 Bg6 12. O-O O-O 13. Bb2 Bxb2 14. Rxb2 Re8
$15 {0-1 Morejon,E-Kruppa,Y Ubeda op 1998 (21)}) 9. dxe4 Bb4 10. O-O Bc3 11.
Rb1 O-O (11... Bxd2 $6 12. Qxd2 Nxe4 13. Qe3 Bxf3 14. Bxf3 Nec5 15. Ba3 $44)
12. Qe2 b5 $5 13. Qe3 Qa5 14. a3 c5 15. b4 $6 (15. Rd1 Rfe8 16. Nf1 Rad8 17. g4
Bg6 18. Ng3 $132) 15... cxb4 16. axb4 Bxb4 17. Qb3 Bc3 $1 (17... Bxd2 18. Bxd2
Qc7 19. Qxb5 Qxc2 20. Rfc1 $44) 18. Qxb5 Qxb5 19. Rxb5 Rab8 20. Rb3 Rxb3 21.
cxb3 Rb8 (21... Bxf3 $5 22. Bxf3 (22. Nxf3 Rb8 23. Be3 Rxb3 24. Bxa7 Rb4 $15)
22... Rb8 $15) 22. g4 Bg6 23. Rd1 Nc5 24. Nb1 $1 Ba1 $1 (24... Nfxe4 25. Be3
Bb2 26. Nh4 $44) 25. Be3 Nxb3 26. Bxa7 Ra8 27. Bb6 (27. Nbd2 Nxd2 28. Rxa1
Nxf3+ 29. Bxf3 Bxe4 $17) 27... Bxe4 28. Nfd2 Bxg2 29. Kxg2 Nxd2 30. Rxd2 g6 31.
Rd8+ Rxd8 32. Bxd8 Nd5 33. Nd2 (33. g5 Kf8 34. Kf3 Ke8 35. Ba5 Kd7 $17) 33...
f6 34. Ne4 Kf7 35. Ba5 Bb2 36. Bd2 Ba3 37. Kg3 f5 38. gxf5 gxf5 39. Ng5+ Kg6
40. Nf3 Bd6 41. Kg2 e4 42. Nd4 Kf6 43. Kf1 Bf4 44. Ba5 Bc7 45. Bd2 Bb6 46. Ne2
Ke5 47. Bc3+ $2 (47. Kg2 f4 48. f3 $17) 47... Nxc3 48. Nxc3 f4 49. Ke2 f3+ $19
50. Kf1 Bd4 51. Nb5 Bb2 52. Ke1 Kd5 53. Kd2 Bf6 54. Ke1 Kc6 55. Na3 Kc5 56. Kf1
Bd4 57. Nc2 Kc4 58. Na3+ Kb4 $1 59. Nc2+ (59. Nb1 Bc3 60. Kg1 Kb3 $19) 59...
Kc3 60. Na3 Bc5 61. Nb5+ Kd2 62. Nc7 Bxf2 $1 0-1

[Event "GER CupT prel"]
[Site "Porz"]
[Date "2001.02.10"]
[Round "?"]
[White "Gutman, Lev"]
[Black "Lutz, Christopher"]
[Result "1-0"]
[WhiteElo "2527"]
[BlackElo "2609"]
[Annotator "Gutman,L"]
[PlyCount "81"]
[EventDate "2001.01.??"]
[EventType "team"]
[EventRounds "1"]
[EventCountry "GER"]
[SourceTitle "CBM 081"]
[Source "ChessBase"]
[SourceDate "2001.03.20"]
[SourceVersion "1"]
[SourceVersionDate "2001.03.20"]
[SourceQuality "1"]

1. Nf3 d5 2. g3 c6 3. Bg2 Bg4 {Dieser Laeuferzug, eine Idee von Capablanka,
kommt immer oefter vor und bereitet Weiss gewisse Probleme.} 4. Ne5 {In meiner
frueherer Partie gegen Lutz, Bad Zwesten 2000, ich verzichtete auf diesen
Roesselsprung, jedenfalls ohne Erfolg. 4...} Bf5 (4... Bh5 {gilt als die
bessere Alternative, jedoch} 5. c4 e6 6. Qb3 Qb6 7. Nc3 Nf6 8. d4 Nbd7 9. O-O (
9. Nxd7 Nxd7 10. O-O {war praeziser}) 9... Be7 (9... Nxe5 10. dxe5 Nd7 {
wirkt kritisch}) 10. Nxd7 Nxd7 11. e4 dxe4 12. Nxe4 O-O 13. Be3 (13. Qc3 Nf6 {
"bereitet Schwarz keine Sorgen, Romanischin-Larsen , Lone Pine 1981", Wladimir
Bagirow "Reti-Eroeffnung"}) 13... Rfd8 14. h3 (14. Qc3 Qc7 15. Bf4 Qc8 16. Rfe1
Nf6 17. Nc5 Nd7 18. Ne4 Nf6 19. Nxf6+ Bxf6 20. Be5 Bxe5 21. Rxe5 Bg6 22. Rae1 {
folgte in Romanischin-Tukmakow, Kastel Stari 1997}) 14... Bg6 15. Nd2 Bf6 16.
c5 Qxb3 17. axb3 e5 18. dxe5 Bxe5 19. f4 Bxb2 20. Ra2 Re8 21. Rxb2 Rxe3 22. f5
{konnte Weiss zufrieden stellen, Gutman-Carsten Mueller, Altenkirchen DEM 1999.
}) 5. c4 Nd7 6. d4 e6 7. O-O (7. Qb3 {haette Schwarz mittels 7...} Nxe5 (7...
Qb6 8. Nxd7 Qxb3 9. axb3 Kxd7 10. Nc3 Nf6 11. c5 Be7 12. b4 b5 13. f3 {ergab
weissen Vorteil in Gutman-Bagirow, Moskau 1989}) 8. dxe5 Qb6 {beantworten
koennen.}) 7... Ngf6 8. Nxd7 ({Wird relativ selten gespielt, aber das uebliche
} 8. Nc3 Be7 ({"} 8... Nxe5 9. dxe5 Ng4 10. cxd5 exd5 11. Qa4 b5 12. Qf4 {
kommt dem Anziehenden zugute, Kavalek-Van der Wiel, Bochum 1981", Bagirow}) 9.
Qb3 {bietet wenig Aussicht, 9...} Qb6 10. Nxd7 Nxd7 11. e4 dxe4 12. Nxe4 O-O ({
auch} 12... Bxe4 13. Bxe4 Qxb3 14. axb3 O-O 15. Be3 Rfd8 16. Bg2 Nf6 17. h3 a6
18. Rfd1 Rd7 {kommt in Betracht, Karlsson-Arkell, Wrexam 1994}) 13. Be3 Nf6 14.
d5 Qxb3 15. Nxf6+ Bxf6 16. axb3 cxd5 17. cxd5 Bxb2 (17... a6 18. Rfd1 Bxb2 19.
Ra2 Bf6 20. d6 $1 Rab8 21. Bb6 {scheint vorteilhaft fuer Weiss zu sein}) 18.
Ra2 Be5 19. Rxa7 Rxa7 20. Bxa7 exd5 21. Bxd5 Rd8 {fuehrte zum Ausgleich,
Oratovsky-Siebrecht, Saanen 1994.}) 8... Qxd7 9. Nd2 ({Weiss gibt die Idee mit
e2-e4 auf und ueberfuehrt den Springer auf f3, um das Feld e5 unter die Lupe
zu nehmen.} 9. Nc3 Be7 10. f3 (10. Qb3 O-O 11. Rd1 Rfc8 12. Bg5 dxc4 13. Qxc4
Bc2 {ist kaum besser, Mora-Botez, Tel Aviv Olympiade 1964}) 10... Rd8 11. c5
O-O 12. Kh1 Qc8 13. Bf4 Nd7 14. g4 Bg6 15. e3 e5 {versprach Schwarz gutes
Gegenspiel, Wilhelmi-Naumann, Halle 1996.}) 9... Be7 10. Nf3 (10. b3 O-O 11.
Bb2 a5 12. a3 h6 13. Rc1 b5 14. c5 Bh7 15. f3 a4 16. b4 Ne8 17. e4 Nc7 18. Qe2
Rae8 19. e5 f6 {ueberzeugt weniger, Schulze-Bagirow, Bern 1995.}) 10... O-O 11.
Bf4 {Ich war nu n mit meiner Stellung zufrieden, obwohl laut Junior steht
Schwarz nicht schlecht. 11...} Qd8 12. c5 (12. Qb3 Qb6 {bringt Weiss nichts
ein.}) 12... Be4 {Der Jagd auf den laesstigen Nf3 beginnt.} 13. Ne5 (13. Qb3 {
scheitert an 13...} Bxf3 14. Bxf3 b6 {.}) 13... Bxg2 14. Kxg2 Nd7 15. Nd3 Bg5
16. e3 Bxf4 17. exf4 Qf6 (17... b6 18. Rc1 bxc5 19. Nxc5 Nxc5 20. Rxc5 Qb6 21.
Qc2 Rab8 22. b3 Rfc8 23. Rd1 Qa6 24. Rd3 {scheint guenstiger fuer den
Anziehenden zu sein: Am Damenfluegel hat Schwarz nichts erreicht, dagegen
weisse Initiative am Koenigsfluegel kann unangenehm werden.}) 18. Ne5 {Nicht
sehr gerne, aber es ist schwer was Besseres zu finden. 18...} Nxe5 19. fxe5 {
Schwarz hat sich vom Anblick des feindlichen Springers endlich befreit, aber
Weiss hat mehr Raum, und es ist nicht leicht ein Gegenspiel zu erlangen. 19...}
Qg6 (19... Qe7 20. Rc1 {war zu ueberlegen.}) 20. Rc1 Rfb8 (20... f6 21. Re1 Rf7
22. Rc3 Raf8 23. exf6 Rxf6 24. f3 Qf7 25. Qe2 Rh6 26. Re3 {verspricht Schwarz
keinem vollen Ausgleich.}) 21. Re1 h6 (21... Qg5 22. Re3 Qd8 {kommt in Frage.})
22. Re3 b6 23. b3 a5 ({Auf der Suche nach Gegenspiel,} 23... b5 24. f4 a5 25.
a3 Rf8 26. Qe2 a4 27. b4 Rae8 28. Rf1 {waere zu passiv.}) 24. cxb6 Rxb6 25. a4
Qg5 26. Rc5 Qe7 27. Qd2 Rba6 (27... Qb7 28. Rxa5 Rxa5 29. Qxa5 Rxb3 30. Rxb3
Qxb3 31. Qa8+ Kh7 32. Qxc6 Qd1 33. a5 Qxd4 34. Qc2+ g6 35. a6 Kg7 36. Qa2 Qa7
37. h4 {und Schwarz hat eine schwere Verteidigung vor sich.}) 28. Rec3 Qb7 29.
g4 (29. Rf3 $1 Qe7 30. h4 {gefaellt mir nun besser, zum Beispiel: 30...} Qb7
31. g4 Qe7 32. g5 {.}) 29... Rb6 30. Qc2 Raa6 31. Rg3 $6 (31. f4 $5 {war
vorzuziehen.}) 31... Rb4 32. Qd3 Rab6 33. Rc3 c5 $2 ({Ein Fehler in Zeitnot.
Notwendig war} 33... Qe7 {, wenn auch nach} 34. Qd2 (34. g5 hxg5 35. Qe3 f6 36.
exf6 Qxf6 37. Rf3 Qg6 38. Qe5 Qe4 39. Qxg5 Rxb3 40. Qd8+ Kh7 41. Qe8 Rxc3 42.
Qh5+ {mit Dauerschach}) 34... Qh4 35. Rcd3 (35. f4 Kf8 36. Qd3 Kg8) 35... Qe7
36. Qc1 Qd8 37. Qc5 {behaelt Weiss die besseren Chancen.}) 34. Rxc5 Rxb3 35.
Qc2 Rxg3+ 36. hxg3 g5 37. Rc8+ Kg7 38. Qc5 Qxc8 39. Qxc8 Rb4 40. Qd8 Rxd4 41.
Qf6+ {Schwarz gab auf.} 1-0

[Event "Asia-ch"]
[Site "Kolkata"]
[Date "2001.08.13"]
[Round "5"]
[White "Nadera, Barlo A"]
[Black "Dao, Thien Hai"]
[Result "0-1"]
[WhiteElo "2421"]
[BlackElo "2572"]
[Annotator "Hecht,H"]
[PlyCount "130"]
[EventDate "2001.08.09"]
[EventType "swiss"]
[EventRounds "11"]
[EventCountry "IND"]
[SourceTitle "CBM 085"]
[Source "ChessBase"]
[SourceDate "2001.11.13"]
[SourceVersion "1"]
[SourceVersionDate "2001.11.13"]
[SourceQuality "1"]

1. d4 d5 2. Nf3 c6 3. g3 Bg4 4. Bg2 Nd7 5. O-O e6 6. h3 Bh5 7. b3 Bd6 8. c4 Ne7
9. Nc3 f5 10. a4 O-O 11. Ba3 Bxa3 12. Rxa3 Nc8 13. c5 a5 14. Qd2 b6 15. cxb6
Qxb6 16. Qe3 Re8 17. Rc1 Nd6 18. Nd1 Rac8 19. Ra2 Bxf3 20. Bxf3 c5 21. dxc5
Rxc5 22. Rac2 Rxc2 23. Qxb6 Nxb6 24. Rxc2 Rc8 25. Rxc8+ Ndxc8 {[#] Bewegliches
Springerpaar bei besserer Bauernstruktur (rückständiger weißer Bb3).} 26. e3
Kf7 27. Kf1 Ke7 28. Nc3 Na7 29. Ke1 Kd6 30. Kd2 Kc5 31. Bd1 e5 32. Ne2 Nc6 33.
f4 Nd7 34. fxe5 Ndxe5 35. Kc3 g6 36. Nd4 Nb4 37. Be2 Nd7 38. Ne6+ Kd6 39. Ng5
Nf6 40. Bf3 Ke7 41. h4 h6 42. Nh3 Kd6 43. Nf4 g5 44. hxg5 hxg5 45. Ne2 Ke5 46.
Kd2 Ne4+ 47. Kd1 Nc6 48. Bh5 d4 $1 49. Be8 d3 50. Nc1 (50. Bxc6 dxe2+ 51. Kxe2
Nxg3+ 52. Kd3 (52. Kf3 Ne4 53. Bxe4 g4+ 54. Ke2 Kxe4 $19) 52... Ne4 53. Ba8 g4
54. Bc6 g3 $19) 50... Nb4 $19 51. Bb5 Nc3+ 52. Kd2 Nb1+ 53. Kd1 Ke4 54. Bd7
Kxe3 55. Nxd3 Nxd3 56. Bxf5 Nd2 57. Kc2 Nb4+ 58. Kc3 Nd5+ 59. Kc2 Ne4 60. g4
Kd4 61. Be6 Nb4+ 62. Kb2 Nc5 63. Bf7 Ncd3+ 64. Ka3 Kc3 65. Bg8 Ne1 0-1